000 00419nam a22001577a 4500
003 CEME
005 20210628210402.0
008 210216b xxu||||| |||| 00| 0 eng d
040 _c.
082 _a923.5 THR
100 _aAslam Khokhar
_979164
245 _aTeen azeem dictator
260 _aLAHORE
_bFICTION HOUSE
_c2000
650 _aBIOGRAPHY-MISOLENE BIOGRAPHY-HITLER BIOGRAPHY-NEPOLIAN
_979165
942 _cBK
_2ddc
999 _c584224
_d584224